00288 a2200109 450000100060000008200120000610000370001824500700005526000200012530000110014550000220015693020 aPR 2377 aAdeel, Prof Asad Ikram (Advisor) aStudy of Development of Generic Strap Down Inertial Kitn60'B' EC aIslamabadcNUST av,97p. aBE Project Report